[Event "FESTIVAL DES JEUX - OPEN A"]
[Site "CANNES"]
[Date "2006.02.14"]
[Round "3.7"]
[White "Okhotnik, Vladimir"]
[Black "Asanov, Timur"]
[Result "1-0"]
[WhiteElo "2470"]
[BlackElo "2392"]
[PlyCount "81"]
[EventDate "2006.??.??"]

1. e4 e5 2. Nf3 Nf6 3. Nxe5 d6 4. Nf3 Nxe4 5. Bd3 Nf6 6. O-O Be7 7. h3 O-O 8.
c3 d5 9. Bc2 Ne4 10. d3 Nd6 11. d4 Nd7 12. Ne5 Nxe5 13. dxe5 Nc4 14. Qh5 g6 15.
Qe2 Re8 16. b3 Nb6 17. f4 Nd7 18. Nd2 Bc5+ 19. Kh2 f6 20. Qf3 c6 21. Qg3 Qe7
22. b4 Bb6 23. Nf3 Bc7 24. Bxg6 hxg6 25. Qxg6+ Kh8 26. exf6 Nxf6 27. Re1 Be6
28. Ng5 Ne4 29. c4 Be5 30. fxe5 Qg7 31. Qh5+ Kg8 32. Nxe4 dxe4 33. Re3 Bf7 34.
Qh4 Bg6 35. Rg3 Rxe5 36. Bb2 Rae8 37. Rd1 Qh7 38. Qxh7+ Kxh7 39. Bxe5 Rxe5 40.
Rd7+ Kh6 41. Rd6 1-0

[Event "FESTIVAL DES JEUX - OPEN A"]
[Site "CANNES"]
[Date "2006.02.14"]
[Round "3.8"]
[White "Olivier, Jean-Christophe"]
[Black "Libiszewski, Fabien"]
[Result "1/2-1/2"]
[WhiteElo "2375"]
[BlackElo "2467"]
[PlyCount "142"]
[EventDate "2006.??.??"]

1. e4 c5 2. Nf3 Nc6 3. d4 cxd4 4. Nxd4 e5 5. Nb5 d6 6. Bc4 Be7 7. O-O Nf6 8.
Bg5 Bg4 9. Qd3 a6 10. N5c3 Rc8 11. Bxf6 Bxf6 12. Nd5 Nd4 13. Nbc3 Be6 14. Ne3
Bg5 15. Ncd5 Bxe3 16. Nxe3 O-O 17. c3 Bxc4 18. Nxc4 Ne6 19. Ne3 Nf4 20. Qd2 Qg5
21. Rad1 Rce8 22. Qxd6 Nh3+ 23. Kh1 Nxf2+ 24. Rxf2 Qxe3 25. Rfd2 Qxe4 26. Qb6
Re6 27. Qf2 Qc6 28. Rd7 e4 29. Qe3 Qb5 30. b3 h6 31. c4 Qb4 32. c5 Re5 33. R7d5
Rfe8 34. g3 Rxd5 35. Rxd5 Qa3 36. Qe2 e3 37. Kg2 Qb4 38. Kg1 Qe4 39. Rd1 Qe5
40. Rc1 Rd8 41. Re1 Qxc5 42. Qxe3 Qxe3+ 43. Rxe3 Rd4 44. Kg2 Rd2+ 45. Kh3 f5
46. a4 g5 47. g4 f4 48. Re6 Rd3+ 49. Kg2 Rxb3 50. Rxh6 Kg7 51. Rd6 Rb4 52. h3
Kf7 53. Rh6 Rxa4 54. Rb6 Ra1 55. Rxb7+ Kf6 56. Rb6+ Ke5 57. Rg6 Ke4 58. Re6+
Kd5 59. Rg6 a5 60. Kf3 Ra3+ 61. Kf2 a4 62. Rxg5+ Ke4 63. Rc5 Ra2+ 64. Kg1 f3
65. g5 a3 66. g6 Ke3 67. Re5+ Kf4 68. Ra5 Rg2+ 69. Kf1 Rxg6 70. Rxa3 Rg2 71.
Ra8 Kg3 1/2-1/2

[Event "FESTIVAL DES JEUX - OPEN A"]
[Site "CANNES"]
[Date "2006.02.14"]
[Round "3.9"]
[White "Lazic, Miroljub"]
[Black "Aaberg, Anton"]
[Result "1-0"]
[WhiteElo "2466"]
[BlackElo "2383"]
[PlyCount "75"]
[EventDate "2006.??.??"]

1. Nf3 d5 2. d4 Nf6 3. Bf4 c6 4. e3 Bf5 5. Nbd2 e6 6. Be2 h6 7. h3 Nbd7 8. O-O
Ne4 9. Bh2 Bd6 10. Bxd6 Nxd6 11. c4 dxc4 12. Nxc4 Nxc4 13. Bxc4 O-O 14. Qe2 Qe7
15. Rfd1 Rad8 16. a3 Be4 17. Nd2 Bh7 18. b4 e5 19. Nb3 exd4 20. Nxd4 c5 21.
bxc5 Qxc5 22. Ne6 fxe6 23. Bxe6+ Kh8 24. Bxd7 Qe7 25. Bg4 Rxd1+ 26. Qxd1 Rd8
27. Qa4 Qc5 28. Bf3 b5 29. Qb4 Qb6 30. Rc1 a5 31. Qe7 Qf6 32. Qc7 b4 33. axb4
axb4 34. Rc6 Qa1+ 35. Kh2 Re8 36. Rb6 Qc3 37. Qd6 Kg8 38. Rxb4 1-0

[Event "FESTIVAL DES JEUX - OPEN A"]
[Site "CANNES"]
[Date "2006.02.14"]
[Round "3.10"]
[White "Ivanisevic, Ivan"]
[Black "Leconte, Maria"]
[Result "1-0"]
[WhiteElo "2588"]
[BlackElo "2332"]
[PlyCount "117"]
[EventDate "2006.??.??"]

1. d4 Nf6 2. c4 e6 3. Nf3 Bb4+ 4. Nbd2 b6 5. g3 Bb7 6. Bg2 O-O 7. O-O Bxd2 8.
Qxd2 Be4 9. b3 d6 10. Bb2 Nbd7 11. Rfd1 Qe7 12. Bh3 a6 13. Nh4 h6 14. f3 Bh7
15. e4 g5 16. Ng2 Rfd8 17. Ne3 a5 18. Rac1 Bg6 19. Qc3 Kh7 20. Rd2 Nh5 21. Rcd1
Rg8 22. Ba3 Qe8 23. Kf2 Ra7 24. c5 b5 25. Bb2 Qe7 26. c6 Nb6 27. d5 b4 28. Qc1
e5 29. a3 bxa3 30. Bxa3 Qd8 31. Qc2 Qb8 32. Ra1 Nf6 33. Bb2 Nc8 34. Bf1 Ne7 35.
Bd3 Qb6 36. Ke2 Rb8 37. Bc3 Qc5 38. Ra4 Rba8 39. Rd1 Bh5 40. g4 Bg6 41. Be1 Qb6
42. Bf2 Qb8 43. Rda1 Kg7 44. b4 h5 45. h3 hxg4 46. hxg4 Qh8 47. bxa5 Qh2 48. a6
Rh8 49. Rg1 Rh3 50. Nf1 Qf4 51. Rg3 Nxg4 52. fxg4 Rxg3 53. Nxg3 Qxg4+ 54. Ke1
Ra8 55. a7 Nc8 56. Be2 Qh3 57. Ra3 Qh2 58. Qd3 Nxa7 59. Rxa7 1-0

[Event "FESTIVAL DES JEUX - OPEN A"]
[Site "CANNES"]
[Date "2006.02.14"]
[Round "4.1"]
[White "King, Daniel J"]
[Black "Lazic, Miroljub"]
[Result "1/2-1/2"]
[WhiteElo "2526"]
[BlackElo "2466"]
[PlyCount "27"]
[EventDate "2006.??.??"]

1. e4 Nc6 2. Nf3 d6 3. d4 Nf6 4. Nc3 Bg4 5. d5 Nb8 6. h3 Bxf3 7. Qxf3 g6 8. Bd3
Bg7 9. O-O c6 10. dxc6 Nxc6 11. Be3 O-O 12. Qe2 Nd7 13. f4 a6 14. Kh1 1/2-1/2

[Event "FESTIVAL DES JEUX - OPEN A"]
[Site "CANNES"]
[Date "2006.02.14"]
[Round "4.2"]
[White "Maze, Sebastien"]
[Black "Skembris, Spyridon"]
[Result "1/2-1/2"]
[WhiteElo "2518"]
[BlackElo "2451"]
[PlyCount "27"]
[EventDate "2006.??.??"]

1. e4 c5 2. Nf3 Nc6 3. Bb5 g6 4. O-O Bg7 5. Re1 Nf6 6. e5 Nd5 7. Nc3 Nc7 8.
Bxc6 dxc6 9. Ne4 Ne6 10. d3 O-O 11. Be3 b6 12. Qd2 f5 13. exf6 exf6 14. Bh6
1/2-1/2

[Event "FESTIVAL DES JEUX - OPEN A"]
[Site "CANNES"]
[Date "2006.02.14"]
[Round "4.3"]
[White "Saric, Ante"]
[Black "Kekelidze, Mikheil"]
[Result "1-0"]
[WhiteElo "2455"]
[BlackElo "2516"]
[PlyCount "95"]
[EventDate "2006.??.??"]

1. Nf3 c5 2. c4 g6 3. d4 Bg7 4. d5 d6 5. e4 Nf6 6. Nc3 O-O 7. Be2 e6 8. O-O
exd5 9. exd5 Re8 10. h3 Na6 11. Bd3 Bd7 12. Bf4 Nh5 13. Bd2 f5 14. a3 Nc7 15.
b4 b6 16. Rb1 Qf6 17. Bc2 h6 18. Ba4 Bxa4 19. Qxa4 g5 20. bxc5 g4 21. hxg4 fxg4
22. Nh2 g3 23. Nf3 bxc5 24. Qd7 Qe7 25. Qh3 gxf2+ 26. Rxf2 Nf6 27. Bxh6 Bxh6
28. Qxh6 Ng4 29. Qg6+ Qg7 30. Qxg7+ Kxg7 31. Rb7 Re7 32. Re2 Rxe2 33. Rxc7+ Kf8
34. Nxe2 Rb8 35. Ng3 a5 36. Ra7 Rb3 37. Rxa5 Rc3 38. Ra4 Ke7 39. Nf1 Rc1 40.
Ra7+ Kf6 41. Rd7 Rxc4 42. Rxd6+ Kg7 43. Rc6 Rc1 44. d6 Kf7 45. d7 Rd1 46. Rxc5
Ne3 47. N3d2 Nxf1 48. Nxf1 1-0

[Event "FESTIVAL DES JEUX - OPEN A"]
[Site "CANNES"]
[Date "2006.02.14"]
[Round "4.4"]
[White "Hunt, Adam"]
[Black "Okhotnik, Vladimir"]
[Result "1-0"]
[WhiteElo "2431"]
[BlackElo "2470"]
[PlyCount "71"]
[EventDate "2006.??.??"]

1. e4 c5 2. Nf3 Nf6 3. e5 Nd5 4. Nc3 e6 5. Nxd5 exd5 6. d4 Nc6 7. dxc5 Bxc5 8.
Bd3 d6 9. exd6 Qxd6 10. O-O O-O 11. c3 h6 12. Bc2 Bg4 13. Qd3 f5 14. Be3 Bxe3
15. fxe3 Bxf3 16. gxf3 Rad8 17. f4 Rf6 18. Rad1 Kh8 19. Rf2 a6 20. Rg2 b5 21.
a4 Na5 22. axb5 Nc4 23. Qd4 axb5 24. b3 Na5 25. Qa7 Rg6 26. Qxa5 Rxg2+ 27. Kxg2
Qg6+ 28. Kh1 Re8 29. Rg1 Qf6 30. Qa7 Qxc3 31. Bxf5 Rf8 32. Qe7 Ra8 33. Qe5 Qxe5
34. fxe5 Re8 35. Rc1 g6 36. Rc8 1-0

[Event "FESTIVAL DES JEUX - OPEN A"]
[Site "CANNES"]
[Date "2006.02.14"]
[Round "4.6"]
[White "Gonzales, Jayson"]
[Black "Fontaine, Robert"]
[Result "0-1"]
[WhiteElo "2464"]
[BlackElo "2524"]
[PlyCount "78"]
[EventDate "2006.??.??"]

1. d4 d5 2. Bf4 Nf6 3. e3 c5 4. c3 Nc6 5. Nd2 e6 6. Ngf3 Bd6 7. Bg3 Qe7 8. Bb5
Bd7 9. Bxd6 Qxd6 10. O-O O-O 11. Re1 Nxd4 12. exd4 Bxb5 13. Qb3 Ba6 14. Qa3
Rac8 15. Ne5 Rfd8 16. Qa4 Nd7 17. Ndf3 Nxe5 18. dxe5 Qe7 19. Rad1 Rc7 20. Rd2
Qe8 21. Qg4 b6 22. Ng5 h6 23. Nh3 Qe7 24. b3 d4 25. Red1 Rcd7 26. cxd4 cxd4 27.
f4 d3 28. Nf2 Rd4 29. Qg3 Qb4 30. h3 Rxf4 31. Nxd3 Bxd3 32. Rxd3 Rxd3 33. Rxd3
Qc5+ 34. Kh2 Rf5 35. Re3 Rf1 36. h4 Qc1 37. Kh3 Rh1+ 38. Kg4 Qc2 39. Rd3 Rd1
0-1

[Event "FESTIVAL DES JEUX - OPEN A"]
[Site "CANNES"]
[Date "2006.02.14"]
[Round "4.7"]
[White "Zelcic, Robert"]
[Black "Thorhallsson, Throstur"]
[Result "1-0"]
[WhiteElo "2514"]
[BlackElo "2455"]
[PlyCount "125"]
[EventDate "2006.??.??"]

1. e4 e6 2. d4 d5 3. Nc3 Nf6 4. e5 Nfd7 5. f4 c5 6. Nf3 Nc6 7. Be3 cxd4 8. Nxd4
Bc5 9. Qd2 O-O 10. O-O-O Nxd4 11. Bxd4 a6 12. Kb1 b5 13. Qe3 Qc7 14. Bd3 Bxd4
15. Qxd4 Bb7 16. Rhe1 Rfe8 17. Re3 Qc5 18. Ne2 Rac8 19. c3 Rc7 20. Bc2 g6 21.
Qxc5 Nxc5 22. Nd4 Nd7 23. a4 Bc6 24. axb5 Bxb5 25. b3 Nb8 26. Kb2 Nc6 27. g4
Nxd4 28. Rxd4 a5 29. f5 Rb8 30. Kc1 Ra8 31. Rf3 exf5 32. gxf5 Re7 33. Re3 Bc6
34. c4 dxc4 35. Rxc4 Bb7 36. Rc5 Bc8 37. Be4 Rb8 38. f6 Ra7 39. Rec3 Bd7 40.
Bd5 a4 41. bxa4 Rxa4 42. Rc7 Be6 43. R3c6 Ra5 44. Bxe6 fxe6 45. Rg7+ Kh8 46.
Rgc7 Ra1+ 47. Kc2 Ra2+ 48. Kc3 Kg8 49. Rxe6 Ra3+ 50. Kd4 Ra4+ 51. Rc4 Ra1 52.
Rec6 Rd1+ 53. Ke4 Re1+ 54. Kd5 Rd8+ 55. Rd6 Rf8 56. Rc7 Ra8 57. Rg7+ Kf8 58. e6
Rd1+ 59. Kc6 Rc8+ 60. Kb7 Rxd6 61. e7+ Ke8 62. Rg8+ Kf7 63. Rxc8 1-0

[Event "FESTIVAL DES JEUX - OPEN A"]
[Site "CANNES"]
[Date "2006.02.14"]
[Round "4.8"]
[White "Leski, Marc"]
[Black "Gretarsson, Helgi Ass"]
[Result "1/2-1/2"]
[WhiteElo "2413"]
[BlackElo "2480"]
[PlyCount "74"]
[EventDate "2006.??.??"]

1. Nf3 d5 2. g3 Nc6 3. d4 Bf5 4. c3 Qd7 5. b4 f6 6. Nbd2 a6 7. e3 e5 8. b5 axb5
9. Bxb5 e4 10. Ng1 Nge7 11. Qb3 Nc8 12. Ne2 Nd6 13. Nf4 Nxb5 14. Qxb5 Ra5 15.
Qxb7 g5 16. Ne2 Be7 17. Qb3 O-O 18. h4 Rfa8 19. a3 Ra4 20. Bb2 Na5 21. Qc2 Nc4
22. Nxc4 Rxc4 23. Nc1 Rca4 24. Nb3 Qb5 25. Nd2 Bxa3 26. Bxa3 Rxa3 27. Rxa3 Rxa3
28. c4 Qa5 29. O-O Ra2 30. Nb3 Rxc2 31. Nxa5 dxc4 32. Nc6 Kg7 33. d5 Bh3 34.
Ra1 Rd2 35. Nd4 Kg6 36. hxg5 Kxg5 37. Rc1 Bg4 1/2-1/2

[Event "FESTIVAL DES JEUX - OPEN A"]
[Site "CANNES"]
[Date "2006.02.14"]
[Round "4.9"]
[White "Libiszewski, Fabien"]
[Black "Velchev, Hristo"]
[Result "1-0"]
[WhiteElo "2467"]
[BlackElo "2259"]
[PlyCount "69"]
[EventDate "2006.??.??"]

1. e4 c5 2. Nf3 d6 3. Bb5+ Bd7 4. Bxd7+ Qxd7 5. O-O Nc6 6. c3 Nf6 7. Re1 e6 8.
d4 cxd4 9. cxd4 d5 10. e5 Ne4 11. Nbd2 Nxd2 12. Bxd2 Be7 13. Rc1 O-O 14. Rc3 f5
15. exf6 Bxf6 16. Bg5 Qf7 17. Bxf6 Qxf6 18. Qd2 Rae8 19. Rce3 Qh6 20. Qc3 Rf6
21. b4 Ne7 22. Ne5 Qh4 23. g3 Qh3 24. f4 Nf5 25. g4 Nxe3 26. Rxe3 Qh6 27. g5
Rg6 28. Rh3 Rxg5+ 29. fxg5 Qxg5+ 30. Rg3 Qh4 31. Qe3 Qf6 32. Ng4 Qe7 33. Qe5
Kh8 34. a3 Qd7 35. Nf6 1-0

[Event "FESTIVAL DES JEUX - OPEN A"]
[Site "CANNES"]
[Date "2006.02.14"]
[Round "4.10"]
[White "Miladinovic, Igor"]
[Black "Olivier, Jean-Christophe"]
[Result "1-0"]
[WhiteElo "2607"]
[BlackElo "2375"]
[PlyCount "125"]
[EventDate "2006.??.??"]

1. d4 Nf6 2. Bg5 d5 3. Bxf6 exf6 4. e3 Be6 5. Nd2 c6 6. Bd3 f5 7. Ne2 Nd7 8. c4
Bd6 9. Nc3 Nf6 10. cxd5 cxd5 11. Qa4+ Kf8 12. Nb3 g6 13. Nc5 Qe7 14. Nxe6+ fxe6
15. Nb5 Kg7 16. Nxd6 Qxd6 17. Qb3 Qb6 18. Qa3 Kf7 19. Rc1 Rhc8 20. Kd2 a5 21.
Rc3 Qb4 22. Qxb4 axb4 23. Rxc8 Rxc8 24. f3 Ne8 25. Rc1 Ra8 26. Kc2 Rxa2 27. Kb3
Ra8 28. Kxb4 Ke7 29. Bb5 Kd6 30. Bxe8 Rxe8 31. f4 Ra8 32. h3 Kd7 33. g4 Ra2 34.
Kb3 Ra6 35. g5 Rb6+ 36. Ka2 Ra6+ 37. Kb1 Rc6 38. Rg1 Rc8 39. h4 Rh8 40. h5 Rg8
41. hxg6 hxg6 42. Rh1 Kc6 43. Rh7 b6 44. Kc2 Kb5 45. Re7 Kb4 46. Rxe6 b5 47.
Rd6 Kc4 48. b3+ Kb4 49. Rxd5 Rh8 50. Rd6 Rh2+ 51. Kd3 Kxb3 52. Rxg6 b4 53. Rf6
Ka4 54. Rxf5 b3 55. Rf8 Rg2 56. Rb8 Rg1 57. Kc4 Rc1+ 58. Kd5 Rg1 59. Ke5 Ka3
60. d5 b2 61. d6 b1=Q 62. Rxb1 Rxb1 63. g6 1-0

[Event "FESTIVAL DES JEUX - OPEN A"]
[Site "CANNES"]
[Date "2006.02.15"]
[Round "5.1"]
[White "Hunt, Adam"]
[Black "Saric, Ante"]
[Result "1-0"]
[WhiteElo "2431"]
[BlackElo "2455"]
[PlyCount "127"]
[EventDate "2006.??.??"]

1. e4 e5 2. Nf3 Nf6 3. Nxe5 d6 4. Nf3 Nxe4 5. Nc3 Nf6 6. d4 d5 7. Bd3 c6 8. O-O
Be7 9. Ne2 Nh5 10. c3 O-O 11. Qc2 g6 12. Bh6 Re8 13. Ne5 Bf8 14. Bxf8 Rxf8 15.
f4 Ng7 16. Ng3 f6 17. Nf3 Bg4 18. f5 Bxf3 19. Rxf3 g5 20. Qb3 Qb6 21. Qxb6 axb6
22. c4 Re8 23. a3 Kf8 24. Kf2 dxc4 25. Bxc4 Nd7 26. h4 gxh4 27. Ne2 Ra5 28. Nf4
Ke7 29. Re1+ Kd6 30. Ne6 Re7 31. Nxg7 Rxg7 32. Re4 c5 33. Rxh4 cxd4 34. Rxd4+
Kc7 35. b4 Ra8 36. Be6 Ne5 37. Rc3+ Kb8 38. b5 Rg4 39. Rxg4 Nxg4+ 40. Kg3 Ra4
41. Rc8+ Ka7 42. Rc4 Rxc4 43. Bxc4 Ne3 44. Bd3 Kb8 45. Kf3 Nd5 46. Bc4 Nc3 47.
Kg4 Ne4 48. Kh4 Kc7 49. Bd3 Ng5 50. Kh5 Kd6 51. Kh6 Ke5 52. g4 Kf4 53. Be2 Ne4
54. Kxh7 Nc3 55. Bd3 Kxg4 56. Kg6 Nd5 57. Bc4 Ne3 58. Be6 Kf4 59. Kxf6 Ng4+ 60.
Ke7 Ke5 61. Kd7 Kd4 62. Kc7 Kc5 63. a4 Nf6 64. Kxb7 1-0

[Event "FESTIVAL DES JEUX - OPEN A"]
[Site "CANNES"]
[Date "2006.02.15"]
[Round "5.2"]
[White "Skembris, Spyridon"]
[Black "King, Daniel J"]
[Result "1/2-1/2"]
[WhiteElo "2451"]
[BlackElo "2526"]
[PlyCount "61"]
[EventDate "2006.??.??"]

1. d4 e6 2. c4 d5 3. Nf3 Nf6 4. Nc3 Be7 5. Bf4 a6 6. e3 dxc4 7. Bxc4 b5 8. Bd3
Bb7 9. Rc1 Nbd7 10. a4 b4 11. Nb1 c5 12. O-O O-O 13. Nbd2 cxd4 14. Bc7 Qe8 15.
exd4 Nd5 16. Bg3 N7f6 17. Ne5 Rc8 18. Ndc4 Qd8 19. a5 g6 20. Qa4 Nh5 21. Qd7
Qxd7 22. Nxd7 Ndf4 23. Rfd1 Nxd3 24. Rxd3 Nxg3 25. hxg3 Rfd8 26. Ndb6 Rc7 27.
b3 Bf6 28. Rcd1 Bc6 29. d5 exd5 30. Nxd5 Bxd5 31. Rxd5 1/2-1/2

[Event "FESTIVAL DES JEUX - OPEN A"]
[Site "CANNES"]
[Date "2006.02.15"]
[Round "5.3"]
[White "Fontaine, Robert"]
[Black "Zelcic, Robert"]
[Result "1/2-1/2"]
[WhiteElo "2524"]
[BlackElo "2514"]
[PlyCount "115"]
[EventDate "2006.??.??"]

1. e4 c6 2. d4 d5 3. Nd2 dxe4 4. Nxe4 Bf5 5. Ng3 Bg6 6. h4 h6 7. Nf3 Nd7 8. h5
Bh7 9. Bd3 Bxd3 10. Qxd3 e6 11. Bf4 Qa5+ 12. Bd2 Bb4 13. c3 Be7 14. Ne4 Ngf6
15. c4 Qc7 16. O-O-O b5 17. c5 Nxe4 18. Qxe4 Nf6 19. Qe2 Qd7 20. Bf4 Qd5 21.
Ne5 Rc8 22. Rh3 Qxg2 23. Ra3 Nd5 24. Bd2 Bg5 25. Rxa7 O-O 26. Kb1 Nf6 27. Bxg5
hxg5 28. Re1 Qd5 29. Qf3 Qxf3 30. Nxf3 Ra8 31. Rb7 Rfb8 32. Rxb8+ Rxb8 33. Nxg5
Nxh5 34. Re3 Rd8 35. Ra3 Nf4 36. Ra6 f6 37. Nf3 Rc8 38. Nd2 Nd3 39. Ne4 e5 40.
dxe5 Nxe5 41. Nd6 Rc7 42. Kc2 g5 43. Ra8+ Kh7 44. b3 Kg6 45. Kc3 Rh7 46. Rg8+
Kh5 47. Ne4 Rf7 48. Kd4 Rd7+ 49. Ke3 Ng4+ 50. Kf3 Ne5+ 51. Ke2 Ra7 52. Nxf6+
Kh6 53. Ke3 Rxa2 54. Ke4 Ng6 55. Ng4+ Kh5 56. Nf6+ Kh6 57. Ng4+ Kh5 58. Nf6+
1/2-1/2

[Event "FESTIVAL DES JEUX - OPEN A"]
[Site "CANNES"]
[Date "2006.02.15"]
[Round "5.5"]
[White "Fedorchuk, Sergey A"]
[Black "Libiszewski, Fabien"]
[Result "0-1"]
[WhiteElo "2590"]
[BlackElo "2467"]
[PlyCount "62"]
[EventDate "2006.??.??"]

1. e4 c5 2. Nf3 Nc6 3. d4 cxd4 4. Nxd4 e5 5. Nb5 d6 6. Bc4 Be6 7. Bxe6 fxe6 8.
Qh5+ g6 9. Qh3 Qd7 10. O-O Nf6 11. N1c3 a6 12. Bg5 Be7 13. f4 exf4 14. e5 Nxe5
15. Nd4 Nf7 16. Bxf6 Bxf6 17. Nxe6 Bxc3 18. bxc3 Ke7 19. Qh4+ Kxe6 20. Rxf4 Ne5
21. Rf6+ Ke7 22. Re1 Raf8 23. Rxg6+ Ke8 24. Rh6 Qe7 25. Qa4+ Kd8 26. Rd1 Rf6
27. Rxf6 Qxf6 28. c4 Rf8 29. h3 Kc8 30. Qb4 Qf2+ 31. Kh1 Rg8 0-1

[Event "FESTIVAL DES JEUX - OPEN A"]
[Site "CANNES"]
[Date "2006.02.15"]
[Round "5.6"]
[White "Sanchez, Joseph"]
[Black "Miladinovic, Igor"]
[Result "1-0"]
[WhiteElo "2435"]
[BlackElo "2607"]
[PlyCount "101"]
[EventDate "2006.??.??"]

1. e4 c5 2. Nf3 Nc6 3. d4 cxd4 4. Nxd4 Qc7 5. Nc3 e6 6. Be3 a6 7. Bd3 Nf6 8.
O-O h5 9. h3 b5 10. Qe2 Bb7 11. Rfe1 Bd6 12. Rad1 Bh2+ 13. Kf1 Nxd4 14. Bxd4
Be5 15. Qe3 Bf4 16. Qe2 d6 17. Kg1 h4 18. a4 b4 19. Na2 Qa5 20. c3 bxc3 21.
Bxc3 Qg5 22. Nb4 Rh6 23. Nd5 Nxd5 24. exd5 Kf8 25. Qc2 Bxd5 26. Be4 Bxe4 27.
Qxe4 d5 28. Qf3 Bd6 29. Bd2 Qf6 30. Bxh6 Qxh6 31. Rc1 Qf4 32. Qxf4 Bxf4 33. Rc6
a5 34. Rb1 g5 35. Kf1 Rb8 36. Ke2 Rb4 37. b3 Re4+ 38. Kd3 e5 39. b4 Rd4+ 40.
Kc2 axb4 41. a5 Rd2+ 42. Kb3 Rxf2 43. Rc2 Be3 44. Re1 Rxc2 45. Kxc2 b3+ 46.
Kxb3 Bd4 47. a6 f6 48. Rd1 Be3 49. Rxd5 Ke7 50. Kc4 Ke6 51. Rc5 1-0

[Event "FESTIVAL DES JEUX - OPEN A"]
[Site "CANNES"]
[Date "2006.02.15"]
[Round "5.8"]
[White "Palac, Mladen"]
[Black "Mariano, Nelson"]
[Result "1-0"]
[WhiteElo "2561"]
[BlackElo "2466"]
[PlyCount "125"]
[EventDate "2006.??.??"]

1. e4 c5 2. Nf3 d6 3. d4 cxd4 4. Nxd4 a6 5. c4 b6 6. Nc3 Bb7 7. Be2 Nf6 8. f3
e6 9. Be3 Nbd7 10. O-O Be7 11. a4 O-O 12. a5 bxa5 13. Nb3 Rb8 14. Ba7 Ra8 15.
Bd4 Rb8 16. Nxa5 Ba8 17. Qd2 Qc7 18. Rfc1 Rfd8 19. Nd5 exd5 20. cxd5 Nc5 21. b4
Ncxe4 22. fxe4 Qd7 23. Nc6 Nxe4 24. Qd3 f5 25. Nxb8 Rxb8 26. Rxa6 Bg5 27. Ra7
Bb7 28. Rc2 Qf7 29. Bb6 Bd8 30. Bxd8 Rxd8 31. Qd4 h6 32. Ba6 Rd7 33. Bxb7 Rxb7
34. Rxb7 Qxb7 35. h3 Kh7 36. Ra2 Qc7 37. Ra1 Qc2 38. b5 Nc3 39. Qf2 Qxf2+ 40.
Kxf2 Nxb5 41. Re1 Kg6 42. Ke3 Kf7 43. Ra1 Ke7 44. Kf4 g6 45. h4 Kf6 46. Ra6 g5+
47. Kg3 Nc7 48. Rxd6+ Ke5 49. Rxh6 gxh4+ 50. Kxh4 Nxd5 51. Ra6 Nf4 52. Ra2 Ne6
53. Rf2 Nc5 54. Rf3 Ne6 55. Rf1 Nf4 56. Kg3 Ne6 57. Kh4 Nf4 58. g3 Ne6 59. Kh5
Nf8 60. Kg5 Ne6+ 61. Kg6 Nf8+ 62. Kf7 Nh7 63. Re1+ 1-0

[Event "FESTIVAL DES JEUX - OPEN A"]
[Site "CANNES"]
[Date "2006.02.15"]
[Round "5.9"]
[White "Kekelidze, Mikheil"]
[Black "Leski, Marc"]
[Result "1/2-1/2"]
[WhiteElo "2516"]
[BlackElo "2413"]
[PlyCount "143"]
[EventDate "2006.??.??"]

1. e4 d6 2. d4 Nf6 3. Nc3 g6 4. f4 Bg7 5. Nf3 O-O 6. Be3 b6 7. Qd2 Bb7 8. e5
Ng4 9. O-O-O c5 10. dxc5 bxc5 11. Bc4 Nc6 12. h4 dxe5 13. Bxc5 Qxd2+ 14. Rxd2
exf4 15. Rd7 Rab8 16. Bd5 Rfd8 17. Rxd8+ Rxd8 18. Bxe7 Rd7 19. Bg5 Ne3 20. Be4
f5 21. Bd3 Nxg2 22. Rg1 Ne5 23. Rxg2 Bxf3 24. Rd2 Nxd3+ 25. cxd3 Be5 26. Ne2
Bxe2 27. Rxe2 f3 28. Rf2 Rxd3 29. Kc2 Bg3 30. Rf1 Rd4 31. Rxf3 Bxh4 32. Be3 Rd7
33. b4 Bf6 34. a4 Rc7+ 35. Kd3 Rc3+ 36. Ke2 Ra3 37. a5 Be7 38. Bd2 Ra2 39. Rf4
Bg5 40. Rd4 Rb2 41. a6 Kf7 42. b5 Bxd2 43. Rxd2 Rxb5 44. Rd7+ Ke6 45. Rxh7 Ra5
46. Rxa7 g5 47. Ke3 Ke5 48. Re7+ Kf6 49. Ra7 Ra4 50. Ra8 g4 51. a7 f4+ 52. Ke2
Kg7 53. Kf2 Ra2+ 54. Kf1 g3 55. Rb8 Rxa7 56. Rb4 Ra1+ 57. Kg2 Ra2+ 58. Kg1 Rf2
59. Rb6 f3 60. Rb4 Kf6 61. Rg4 Rg2+ 62. Kf1 Kf5 63. Rg8 Rf2+ 64. Kg1 Kf4 65.
Rf8+ Ke3 66. Rg8 Ke2 67. Re8+ Kd1 68. Rg8 Ke1 69. Rxg3 Rf1+ 70. Kh2 f2 71. Re3+
Kd1 72. Kg2 1/2-1/2

[Event "FESTIVAL DES JEUX - OPEN A"]
[Site "CANNES"]
[Date "2006.02.15"]
[Round "5.10"]
[White "Brkic, Ante"]
[Black "Aaberg, Anton"]
[Result "1-0"]
[WhiteElo "2506"]
[BlackElo "2383"]
[PlyCount "85"]
[EventDate "2006.??.??"]

1. e4 c6 2. d4 d5 3. exd5 cxd5 4. c4 Nf6 5. Nc3 e6 6. Nf3 Nc6 7. c5 Be7 8. Bb5
O-O 9. O-O Bd7 10. Re1 Ne8 11. Bf4 Nc7 12. Bxc6 bxc6 13. Ne5 Bf6 14. Re3 Bxe5
15. dxe5 f5 16. Rg3 Qe7 17. Qd4 Rab8 18. Bg5 Qf7 19. Ne2 f4 20. Bxf4 Qf5 21.
Qd2 Be8 22. Be3 Bg6 23. Nd4 Qxe5 24. Re1 Qe4 25. Nxc6 Rbe8 26. Bd4 Qh4 27. h3
Rf4 28. Be5 Rf7 29. Bd6 Nb5 30. Rg4 Qh5 31. Ne5 Nxd6 32. cxd6 Rff8 33. Nc6 Bf5
34. d7 Ra8 35. Ra4 Qf7 36. d8=Q Rfxd8 37. Nxd8 Rxd8 38. Qd4 Rd7 39. Ra6 Rc7 40.
Qf4 h6 41. g4 Be4 42. Qxf7+ Kxf7 43. f3 1-0

[Event "FESTIVAL DES JEUX - OPEN A"]
[Site "CANNES"]
[Date "2006.02.16"]
[Round "6.1"]
[White "Libiszewski, Fabien"]
[Black "Hunt, Adam"]
[Result "1/2-1/2"]
[WhiteElo "2467"]
[BlackElo "2431"]
[PlyCount "97"]
[EventDate "2006.??.??"]

1. e4 c5 2. Nf3 d6 3. Bb5+ Bd7 4. Bxd7+ Qxd7 5. O-O Nc6 6. c3 Nf6 7. Re1 e6 8.
d4 cxd4 9. cxd4 d5 10. e5 Ne4 11. Nbd2 Nxd2 12. Bxd2 Be7 13. Rc1 O-O 14. Rc3 f6
15. exf6 Rxf6 16. a3 Bd6 17. Bg5 Rf5 18. Rce3 Re8 19. b4 a6 20. Bh4 Bf4 21.
R3e2 Qf7 22. Bg3 Bxg3 23. hxg3 Rh5 24. g4 Rh6 25. g5 Rg6 26. Qd3 h6 27. Qe3
hxg5 28. Nxg5 Qf6 29. Nf3 Rg4 30. Ne5 Rxd4 31. Nxc6 bxc6 32. Qc3 Rc4 33. Qxf6
gxf6 34. Rxe6 Rxe6 35. Rxe6 Rc1+ 36. Kh2 Kf7 37. Re3 d4 38. Rd3 Rc4 39. g4 Ke6
40. f4 Rc2+ 41. Kg1 Kd5 42. g5 fxg5 43. fxg5 Rc3 44. Rd2 Ke5 45. Rg2 d3 46. g6
Rc1+ 47. Kh2 Rc2 48. g7 Rxg2+ 49. Kxg2 1/2-1/2

[Event "FESTIVAL DES JEUX - OPEN A"]
[Site "CANNES"]
[Date "2006.02.16"]
[Round "6.4"]
[White "King, Daniel J"]
[Black "Okhotnik, Vladimir"]
[Result "1/2-1/2"]
[WhiteElo "2526"]
[BlackElo "2470"]
[PlyCount "30"]
[EventDate "2006.??.??"]

1. e4 d6 2. d4 Nf6 3. Nc3 e5 4. Nf3 Nbd7 5. Bc4 Be7 6. O-O O-O 7. Re1 c6 8. a4
a5 9. Ba2 Qc7 10. h3 exd4 11. Nxd4 Nc5 12. Qf3 Be6 13. Nf5 Bxf5 14. Qxf5 Qb6
15. Rb1 Qb4 1/2-1/2

[Event "FESTIVAL DES JEUX - OPEN A"]
[Site "CANNES"]
[Date "2006.02.16"]
[Round "6.5"]
[White "Saravanan, V."]
[Black "Fontaine, Robert"]
[Result "1-0"]
[WhiteElo "2329"]
[BlackElo "2524"]
[PlyCount "89"]
[EventDate "2006.??.??"]

1. e4 e5 2. Nf3 Nc6 3. Bb5 Nd4 4. Nxd4 exd4 5. O-O Bc5 6. d3 c6 7. Ba4 d6 8. f4
f5 9. Nd2 Nf6 10. Bb3 fxe4 11. Nxe4 Bb6 12. Nxf6+ Qxf6 13. Qe1+ Kd8 14. f5 Kc7
15. Qg3 h6 16. Be6 Re8 17. Bf4 Bc5 18. Rae1 a5 19. Qg4 a4 20. Bd2 b5 21. Bxc8
Raxc8 22. Re6 Qf7 23. b4 axb3 24. axb3 b4 25. Qg6 Qg8 26. Rfe1 Rxe6 27. Rxe6
Kb6 28. Re7 Ra8 29. Rxg7 Qd5 30. Qe6 Qe5 31. Qxe5 dxe5 32. Kf1 Ra2 33. Ke2 Rxc2
34. f6 Rb2 35. f7 Rxb3 36. Rg8 Rb1 37. Bxh6 Rb2+ 38. Kd1 Rf2 39. f8=Q Bxf8 40.
Bxf8 c5 41. Bd6 Kb5 42. Rc8 Ka4 43. Rxc5 Rxg2 44. Rc4 Kb3 45. Bxe5 1-0

[Event "FESTIVAL DES JEUX - OPEN A"]
[Site "CANNES"]
[Date "2006.02.16"]
[Round "6.7"]
[White "Zelcic, Robert"]
[Black "Lazic, Miroljub"]
[Result "1-0"]
[WhiteElo "2514"]
[BlackElo "2466"]
[PlyCount "119"]
[EventDate "2006.??.??"]

1. e4 Nc6 2. d4 e5 3. Nf3 exd4 4. Nxd4 Bb4+ 5. c3 Bc5 6. Be3 Bb6 7. Nf5 Bxe3 8.
Nxe3 Nf6 9. f3 O-O 10. c4 d6 11. Nc3 Nd7 12. Be2 Nc5 13. O-O a5 14. Qd2 Ne7 15.
Rad1 Bd7 16. f4 f5 17. Bf3 Bc6 18. exf5 Nxf5 19. Nxf5 Rxf5 20. Nb5 Bxf3 21.
Rxf3 Rf7 22. Re1 Qf8 23. h3 c6 24. Nd4 Re7 25. Rxe7 Qxe7 26. Nf5 Qf6 27. Ng3
Re8 28. Kh2 a4 29. Re3 Rxe3 30. Qxe3 Kf7 31. b4 axb3 32. axb3 g6 33. b4 Ne6 34.
Ne4 Qxf4+ 35. Qxf4+ Nxf4 36. Nxd6+ Ke7 37. Nxb7 Nd3 38. b5 cxb5 39. cxb5 Kd7
40. Na5 Ne5 41. Kg3 Kc7 42. Nc6 Nd7 43. Kf4 Kb6 44. Nd4 Kc5 45. Ke4 Kc4 46. g4
Nc5+ 47. Ke3 Nd7 48. g5 Kd5 49. Nc6 Kc5 50. Ke4 Kxb5 51. Ne5 Nb6 52. Kd4 Kb4
53. Ng4 Kb5 54. Nf6 Kc6 55. Ke5 Nc4+ 56. Ke6 Kc5 57. Nxh7 Kd4 58. h4 Ne5 59.
Nf8 Ke4 60. Kf6 1-0